000 00570nam a2200229Ia 4500
003 OSt
005 20221005130140.0
006 a|||||r|||| 00| 0
007 ta
008 221004b |||||||| |||| 00| 0 kan d
024 _a61794
037 _cTextual
040 _aCRL
_cCRL
_bkan
041 _2kan
_akan
082 _aO33,3NSI,1, J0
100 _aSitaRamayya K.M.
_9637659
245 0 _aRaj rahasya
260 _c1958
650 _aKANNAD LITERATURE
942 _hO33,3NSI,1, J0
_cTEXL
_2cc
999 _c1056237
_d1056237